| 000 | 00634nam a2200193Ia 4500 | ||
|---|---|---|---|
| 003 | OSt | ||
| 005 | 20250930154152.0 | ||
| 008 | 220926b |||||||| |||| 00| 0 eng d | ||
| 037 | _cReference. | ||
| 040 |
_aRTL _cRTL _beng |
||
| 041 |
_2eng _aeng |
||
| 084 |
_aR3xL24:g, K0/SC _qRTL |
||
| 100 |
_aBeck, Lewis White. _9371077 |
||
| 245 | 0 | _aCommentary on Kant's critique of practical reason. | |
| 260 |
_aChicago _bUniversity of Chicago Press _c1960 |
||
| 300 |
_axiv,306 p. _ccm. _bIncludes bibliographical references and index. |
||
| 942 |
_hR3xL24:g, K0/SC _cREF _2CC _n0 |
||
| 999 |
_c691319 _d691319 |
||